| 000 | 00716nam a2200217 u 4500 | ||
|---|---|---|---|
| 005 | 20240228063958.0 | ||
| 008 | 071009s2007 mx r 000 0 spa d | ||
| 020 | _a9707562552 | ||
| 035 | _aUPN01000168603 | ||
| 049 | _aI | ||
| 050 | 4 |
_aPZ71 _bF4.634 |
|
| 100 | 1 |
_aFerrari, Virginia, _d1949- _938239 |
|
| 245 | 1 | 3 |
_aUn ojo al gato y otro a-- : _blos electrodomésticos / _cVirginia Ferrari ; il. Alvaro Pemper. |
| 260 |
_aMéxico : _bCorreo del Maestro, _cc2007. |
||
| 300 |
_a[18] p. : _bprincipalmente il. col. |
||
| 440 | 3 | _aUn ojo al gato... | |
| 650 | 4 |
_aLibros y lectura para niños _92290 |
|
| 650 | 4 |
_aELECTRICIDAD - _xAPARATOS Y ACCESORIOS _911631 |
|
| 700 | 1 |
_aPemper, Alvaro, _eil. |
|
| 905 | _aInfantil | ||
| 999 |
_c140709 _d140709 |
||